Normal view
MARC view
- Niazi,Tooba
Entry Personal Name
001 - CONTROL NUMBER
- control field: 5132
003 - CONTROL NUMBER IDENTIFIER
- control field: NUST
005 - DATE AND TIME OF LATEST TRANSACTION
- control field: 20171002125852.0
008 - FIXED-LENGTH DATA ELEMENTS
- fixed length control field: 171002|| aca||aabn | a|a d
040 ## - CATALOGING SOURCE
- Original cataloging agency: NUST
- Transcribing agency: NUST
100 ## - HEADING--PERSONAL NAME
- Personal name: Niazi,Tooba
670 ## - SOURCE DATA FOUND
- Source citation: Work cat.: (NUST): Niazi,Tooba, Reconstructing women;s identity in Pakistani cinema, 2014
